Países de Oceanía - Estadísticas

Estadísticas generales
  • Esta prueba ha sido intentada 1.515 veces
  • La puntuación promedio es 11 de 14
Estadísticas de respuestas
País % Correcto
Australia
98%
Nueva Zelanda
94%
Fiyi
85%
Islas Marshall
84%
Papua Nueva Guinea
83%
Estados Federados de Micronesia
82%
Islas Salomón
80%
Samoa
77%
Tuvalu
77%
Vanuatu
77%
Tonga
75%
Kiribati
73%
Nauru
73%
Palaos
71%
No se encontraron pruebas coincidentes
Distribución de puntuación
Porcentaje de gente con cada puntuación
Porcentaje por número respondido
Historial de tus puntuaciones
No has intentado esta prueba.